000 00269nam a2200133Ia 4500
100 _a#N/A
650 _aComputers
942 _cBK
654 _aORACLE-DATABASE
245 _aORACLE 8 DATABASE DEVELOPMENT
260 _bTechmedia
082 _bSAM
546 _aENGLISH
999 _c18459
_d18459